000 00648nam a2200217Ia 4500
005 20250108125008.0
008 008 250107s9999 xx 000 0 eng d
037 _aTB
040 _aCRL
_beng
_cCRL
041 _aeng
_2eng
084 _aQ2:45:(X:8) Q0
084 _qCRL
100 _aSaraswati Niranjanananda Au.
245 0 _aSannyasa darshan: a treatise on traditional and contemporary sannyasa
_cSaraswati Niranjanananda Au.
260 _aBihar, India
_bYoga Publications Trust
_c2933
300 _axii,466p.
365 _aINR
_b395
650 _aSPIRITUALISM
942 _cTB
_hQ2:45:(X:8) Q0
999 _c1235321
_d1235321